A minőségmenedzsment és a munkahelyi képzés összefüggései
Elmentve itt :
| Szerző: | |
|---|---|
| Dokumentumtípus: | Könyv része |
| Megjelent: |
2017
|
| Sorozat: | Közép-európai Monográfiák
15 Érték és foglalkoztatás : tanulmányok a munka világáról 15 |
| Kulcsszavak: | Minőségszabályozás, Munkaerőpiac - Magyarország, Foglalkoztatás - Magyarország |
| Tárgyszavak: | |
| Online Access: | http://acta.bibl.u-szeged.hu/69729 |
| LEADER | 00910naa a2200229 i 4500 | ||
|---|---|---|---|
| 001 | acta69729 | ||
| 005 | 20220106122406.0 | ||
| 008 | 200803s2017 hu o 0|| hun d | ||
| 020 | |a 978-615-80462-3-7 | ||
| 022 | |a 2062-3712 | ||
| 040 | |a SZTE Egyetemi Kiadványok Repozitórium |b hun | ||
| 041 | |a hun | ||
| 100 | 1 | |a Miklós Péter | |
| 245 | 1 | 2 | |a A minőségmenedzsment és a munkahelyi képzés összefüggései |h [elektronikus dokumentum] / |c Miklós Péter |
| 260 | |c 2017 | ||
| 300 | |a 61-75 | ||
| 490 | 0 | |a Közép-európai Monográfiák |v 15 | |
| 490 | 0 | |a Érték és foglalkoztatás : tanulmányok a munka világáról |v 15 | |
| 650 | 4 | |a Társadalomtudományok | |
| 650 | 4 | |a Közgazdasági és gazdálkodástudományok | |
| 695 | |a Minőségszabályozás, Munkaerőpiac - Magyarország, Foglalkoztatás - Magyarország | ||
| 856 | 4 | 0 | |u http://acta.bibl.u-szeged.hu/69729/1/kek_mono_015_061-075.pdf |z Dokumentum-elérés |